000 00462nam a2200181Ia 4500
001 10075
005 20260306161805.0
008 260306t2010||||xx |||||||||||||| ||spa||
041 _aESP
082 _aGR 880.9
_bL51
100 _aLesky, Albin
_eAUT
245 0 _aHistoria de la literatura griega II:
_bde Platón a la época imperial
260 _c2010
300 _a598 páginas :
_c24 cm.
650 _aGEN
654 _aCHU
942 _cLIB
_dJUS
_fJUS
_2ddc
_n
999 _c10075
_d10075